[Event "US op Irwin 121st"]
[Site "Cherry Hill"]
[Date "2021.08.02"]
[Round "5"]
[White "Enkhbat, Tegshsuren"]
[Black "Eckert, Doug D"]
[Result "0-1"]
[WhiteElo "2264"]
[BlackElo "2172"]
[PlyCount "50"]
[EventDate "2021.07.31"]
[EventType "swiss"]
[EventRounds "6"]
[EventCountry "USA"]
[SourceTitle "EXT 2022"]
[Source "ChessBase"]
[SourceDate "2021.10.06"]
[SourceVersion "1"]
[SourceVersionDate "2021.10.06"]
[SourceQuality "1"]

1. d4 Nf6 2. c4 e6 3. g3 d5 4. Bg2 dxc4 5. Nf3 c6 6. 0-0 b5 7. a4 Bb7 8. Ne5 a6 9. b3 cxb3 10. Bb2 Qb6 11. Qxb3 Nbd7 12. Nxd7 Nxd7 13. e4 Be7 14. d5 e5 15. Bh3 Nc5 16. Qd1 0-0 17. Bxe5 Nxe4 18. Bd4 Bc5 19. Bxg7 Nxf2 20. Rxf2 Bxf2+ 21. Kg2 Kxg7 22. Qg4+ Kh8 23. Qh5 Bc8 24. Bxc8 Raxc8 25. Ra3 Bd4 0-1

[Event "Virginia Seniors op"]
[Site "Dulles"]
[Date "2021.07.10"]
[Round "3"]
[White "Enkhbat, Tegshsuren"]
[Black "Marcelino, William"]
[Result "1-0"]
[WhiteElo "2264"]
[BlackElo "2053"]
[PlyCount "111"]
[EventDate "2021.07.10"]
[EventType "swiss"]
[EventRounds "5"]
[EventCountry "USA"]
[SourceTitle "CBM 203 Extra"]
[Source "ChessBase"]
[SourceDate "2021.09.30"]
[SourceVersion "1"]
[SourceVersionDate "2021.09.30"]
[SourceQuality "1"]

1. d4 e6 2. g3 d5 3. Bg2 c6 4. c4 f5 5. Nh3 Nf6 6. 0-0 Bd6 7. b3 0-0 8. Ba3 dxc4 9. bxc4 Bxa3 10. Nxa3 Qe7 11. Qb3 Kh8 12. Rad1 Nbd7 13. Nc2 a5 14. Ne3 g6 15. Qc3 Qb4 16. Qa1 Qe7 17. f4 h6 18. Nf2 Kh7 19. c5 Nd5 20. Qc1 b5 21. cxb6 Bb7 22. Nd3 N7xb6 23. Nc5 Bc8 24. Rfe1 Nd7 25. Nxd7 Bxd7 26. Nc4 Rfc8 27. e4 fxe4 28. Bxe4 Nf6 29. Bb1 Rab8 30. Qc2 Be8 31. Qe2 Bf7 32. Ne5 Be8 33. Nf3 Bf7 34. Nh4 Nd5 35. f5 Qg5 36. fxg6+ Bxg6 37. Bxg6+ Kh8 38. Qxe6 Rf8 39. Qe5+ Qxe5 40. dxe5 Rb2 41. Be4 Nc3 42. Ng6+ Kg7 43. Nxf8 Nxd1 44. Rxd1 Kxf8 45. Rf1+ Ke7 46. Rf2 Rb4 47. Bf5 Rb5 48. e6 Re5 49. Bh3 c5 50. Rf7+ Ke8 51. Ra7 c4 52. Rc7 Re4 53. Bf5 Re5 54. g4 c3 55. Rxc3 h5 56. h3 1-0

[Event "North Eastern Masters IM 2nd"]
[Site "Washington DC"]
[Date "2018.05.21"]
[Round "6"]
[White "Enkhbat, Tegshsuren"]
[Black "Karamsetty, Jeevan"]
[Result "0-1"]
[WhiteElo "2356"]
[BlackElo "2230"]
[PlyCount "82"]
[EventDate "2018.05.18"]
[EventType "tourn"]
[EventRounds "9"]
[EventCountry "USA"]
[EventCategory "3"]
[SourceTitle "CBM 184 Extra"]
[Source "ChessBase"]
[SourceDate "2018.06.28"]
[SourceVersion "1"]
[SourceVersionDate "2018.06.28"]
[SourceQuality "1"]

1. d4 d5 2. c4 c6 3. Nf3 Nf6 4. g3 Bf5 5. Nc3 e6 6. Nh4 Bg4 7. h3 Bh5 8. Qb3 Na6 9. Qxb7 Nb4 10. Bf4 Nc2+ 11. Kd2 Nxd4 12. g4 dxc4 13. Rd1 Bc5 14. Kc1 0-0 15. e3 Nd5 16. Nxd5 cxd5 17. exd4 Bd6 18. Bd2 Qxh4 19. Qc6 c3 20. Be3 cxb2+ 21. Kxb2 Rab8+ 22. Bb5 Rb6 23. Qxb6 axb6 24. gxh5 Qxh5 25. Rc1 Qf3 26. Rhe1 Bb4 27. Rg1 Ra8 28. a4 h5 29. h4 Be7 30. Rc3 Bxh4 31. Rxg7+ Kh8 32. Rg1 Rg8 33. Rf1 Bf6 34. Kb3 h4 35. Rfc1 Qg2 36. Rc7 Kg7 37. f4 Qf3 38. R7c3 h3 39. f5 Qe4 40. fxe6 h2 41. exf7 Rf8 0-1

[Event "Eastern op 43rd"]
[Site "Bethesda"]
[Date "2016.12.29"]
[Round "4"]
[White "Yip, Carissa"]
[Black "Enkhbat, Tegshsuren"]
[Result "1/2-1/2"]
[WhiteElo "2144"]
[BlackElo "2405"]
[PlyCount "115"]
[EventDate "2016.12.27"]
[EventType "swiss"]
[EventRounds "7"]
[EventCountry "USA"]
[SourceTitle "CBM 176 Extra"]
[Source "ChessBase"]
[SourceDate "2017.03.02"]
[SourceVersion "1"]
[SourceVersionDate "2017.03.02"]
[SourceQuality "1"]

1. e4 c6 2. d4 d5 3. Nc3 dxe4 4. Nxe4 Bf5 5. Ng3 Bg6 6. h4 h6 7. Nf3 e6 8. h5 Bh7 9. Bd3 Bxd3 10. Qxd3 Nf6 11. Bd2 Be7 12. 0-0-0 0-0 13. Kb1 c5 14. c4 cxd4 15. Qxd4 Qxd4 16. Nxd4 Rc8 17. b3 Nc6 18. Bc3 Nxd4 19. Bxd4 Kf8 20. Rhe1 a6 21. f4 b5 22. cxb5 axb5 23. f5 Rc6 24. fxe6 fxe6 25. Re2 Rd8 26. Red2 Rdc8 27. Rf1 Ke8 28. Re2 Rd8 29. Be5 Rd5 30. Bb2 Rg5 31. Bxf6 gxf6 32. Ne4 Re5 33. g4 b4 34. Ng3 Rxe2 35. Nxe2 Rc5 36. Nd4 Re5 37. Kc2 Kd7 38. Kd3 Bc5 39. Kc4 Be7 40. Kd3 Rd5 41. Ke4 Rg5 42. Kf3 Bd6 43. Re1 f5 44. gxf5 exf5 45. Nb5 Bb8 46. Rd1+ Kc6 47. Nd4+ Kb6 48. Nc2 Kc5 49. Rd8 Be5 50. Rc8+ Kb5 51. Rc4 Bc3 52. a4+ Ka5 53. Rc5+ Ka6 54. Rc6+ Kb7 55. Rxh6 Be5 56. Re6 Bc7 57. Nxb4 Rxh5 58. Nd5 1/2-1/2

[Event "Burlingame Chinggis"]
[Site "Burlingame"]
[Date "2015.01.31"]
[Round "6"]
[White "Enkhbat, Tegshsuren"]
[Black "Gorovets, Andrey"]
[Result "0-1"]
[WhiteElo "2417"]
[BlackElo "2488"]
[PlyCount "88"]
[EventDate "2015.01.28"]
[EventType "tourn"]
[EventRounds "9"]
[EventCountry "USA"]
[EventCategory "8"]
[SourceTitle "CBM 164 Extra"]
[Source "ChessBase"]
[SourceDate "2015.03.02"]
[SourceVersion "1"]
[SourceVersionDate "2015.03.02"]
[SourceQuality "1"]

1. d4 Nf6 2. c4 e6 3. g3 c5 4. d5 exd5 5. cxd5 d6 6. Nc3 g6 7. Bg2 Bg7 8. Nf3 0-0 9. 0-0 Re8 10. Nd2 a6 11. a4 Nbd7 12. h3 Rb8 13. Nc4 Ne5 14. Na3 Nh5 15. e4 Bd7 16. a5 b5 17. axb6 Bb5 18. Ncxb5 axb5 19. g4 Nf6 20. Nxb5 Qxb6 21. Na3 Qb3 22. Qxb3 Rxb3 23. g5 Nh5 24. f4 Nd3 25. Nc4 Ng3 26. Nxd6 Bd4+ 27. Kh2 Nxf1+ 28. Bxf1 Reb8 29. Nc4 Nxb2 30. Bxb2 Bxb2 31. Ra2 Bc1 32. Rf2 Be3 33. Rf3 Bg1+ 34. Kg2 Rxf3 35. Kxf3 Rb3+ 36. Ke2 Bh2 37. f5 gxf5 38. exf5 Bf4 39. h4 Rc3 40. Nb6 c4 41. Nd7 Rc1 42. Nf6+ Kh8 43. Bh3 Rh1 44. Bg4 Rh2+ 0-1

[Event "Burlingame Chinggis"]
[Site "Burlingame"]
[Date "2015.01.29"]
[Round "4"]
[White "Enkhbat, Tegshsuren"]
[Black "Batchuluun, Tsegmed"]
[Result "1/2-1/2"]
[WhiteElo "2417"]
[BlackElo "2525"]
[PlyCount "28"]
[EventDate "2015.01.28"]
[EventType "tourn"]
[EventRounds "9"]
[EventCountry "USA"]
[EventCategory "8"]
[SourceTitle "CBM 164 Extra"]
[Source "ChessBase"]
[SourceDate "2015.03.02"]
[SourceVersion "1"]
[SourceVersionDate "2015.03.02"]
[SourceQuality "1"]

1. d4 Nf6 2. c4 e6 3. g3 d5 4. Nf3 dxc4 5. Bg2 Nc6 6. Qa4 Bb4+ 7. Bd2 Nd5 8. Bxb4 Ndxb4 9. Nc3 Bd7 10. 0-0 a5 11. Qd1 0-0 12. e3 a4 13. Qe2 Na5 14. Ne5 Nd5 1/2-1/2

[Event "Burlingame Chinggis"]
[Site "Burlingame"]
[Date "2015.01.28"]
[Round "1"]
[White "Enkhbat, Tegshsuren"]
[Black "Bayaraa, Chinguun"]
[Result "1-0"]
[WhiteElo "2417"]
[BlackElo "1958"]
[PlyCount "90"]
[EventDate "2015.01.28"]
[EventType "tourn"]
[EventRounds "9"]
[EventCountry "USA"]
[EventCategory "8"]
[SourceTitle "CBM 164 Extra"]
[Source "ChessBase"]
[SourceDate "2015.03.02"]
[SourceVersion "1"]
[SourceVersionDate "2015.03.02"]
[SourceQuality "1"]

1. d4 Nf6 2. c4 e6 3. g3 d5 4. Nf3 Bb4+ 5. Bd2 Be7 6. Bg2 c6 7. Qc2 b6 8. 0-0 0-0 9. b3 Bb7 10. Rd1 Nbd7 11. Bf4 Rc8 12. Nc3 Nh5 13. Bc1 f5 14. e3 h6 15. Bb2 Nhf6 16. Ne2 Re8 17. Nf4 Nf8 18. Ne5 g5 19. Nfd3 Bd6 20. a4 Qe7 21. c5 Bb8 22. b4 Bxe5 23. Nxe5 N8d7 24. Nd3 h5 25. Rdc1 h4 26. gxh4 gxh4 27. Nf4 Kf7 28. Kh1 Rg8 29. Rg1 Ng4 30. Bf3 Ndf6 31. h3 Nh6 32. Qe2 Rxg1+ 33. Rxg1 Ke8 34. Bh5+ Kd7 35. Ng6 Qh7 36. Ne5+ Kc7 37. Bg6 Qe7 38. f3 Nd7 39. Qh2 Nxe5 40. Qxe5+ Kd7 41. Bc1 Rg8 42. e4 Nf7 43. Bxf7 Rxg1+ 44. Kxg1 Qxf7 45. Qd6+ Kc8 1-0

[Event "Eastern op 41st"]
[Site "Bethesda"]
[Date "2014.12.26"]
[Round "1"]
[White "Enkhbat, Tegshsuren"]
[Black "Balkhamishvili, Tamar"]
[Result "1/2-1/2"]
[WhiteElo "2417"]
[BlackElo "2114"]
[PlyCount "77"]
[EventDate "2014.12.26"]
[EventType "swiss"]
[EventRounds "7"]
[EventCountry "USA"]
[SourceTitle "CBM 164 Extra"]
[Source "ChessBase"]
[SourceDate "2015.03.02"]
[SourceVersion "1"]
[SourceVersionDate "2015.03.02"]
[SourceQuality "1"]

1. d4 f5 2. g3 Nf6 3. Bg2 g6 4. Nf3 Bg7 5. 0-0 0-0 6. b3 d6 7. Bb2 Ne4 8. Nbd2 Nc6 9. c4 Nxd2 10. Qxd2 e5 11. dxe5 dxe5 12. Qd5+ Kh8 13. Qxd8 Rxd8 14. Ng5 Rd2 15. Bc3 Rxe2 16. Bxc6 bxc6 17. Rfd1 Bf6 18. Kf1 Rc2 19. Bxe5 Bxe5 20. Nf7+ Kg7 21. Nxe5 f4 22. gxf4 Bh3+ 23. Kg1 Rf8 24. Rd3 Bc8 25. Rf3 c5 26. Nd3 Bf5 27. Nxc5 Bg4 28. Rg3 Rxf4 29. Re1 Bf5 30. f3 Rxa2 31. Rg2 Ra5 32. Re7+ Kf6 33. Rxc7 Rxf3 34. Rf2 Re3 35. b4 Ra1+ 36. Rf1 Ra2 37. Rf2 Ra1+ 38. Rf1 Ra2 39. Rf2 1/2-1/2

[Event "Washington op 3rd"]
[Site "Rockville"]
[Date "2014.08.14"]
[Round "9"]
[White "Enkhbat, Tegshsuren"]
[Black "Kiewra, Keaton F"]
[Result "0-1"]
[WhiteElo "2399"]
[BlackElo "2392"]
[PlyCount "110"]
[EventDate "2014.08.09"]
[EventType "swiss"]
[EventRounds "9"]
[EventCountry "USA"]
[SourceTitle "CBM 161 Extra"]
[Source "ChessBase"]
[SourceDate "2014.08.29"]
[SourceVersion "1"]
[SourceVersionDate "2014.08.29"]
[SourceQuality "1"]

1. d4 Nf6 2. c4 g6 3. Nf3 Bg7 4. g3 d5 5. cxd5 Nxd5 6. Bg2 Nb6 7. Nc3 Nc6 8. e3 0-0 9. 0-0 Re8 10. Re1 a5 11. Qe2 Be6 12. Nd2 Nb4 13. Rd1 Qc8 14. a3 Na6 15. Qb5 Bg4 16. f3 Bd7 17. Qxa5 e5 18. d5 Bf8 19. Nce4 Qd8 20. d6 cxd6 21. Nf6+ Qxf6 22. Qxb6 Nc5 23. Ne4 Nxe4 24. fxe4 Bc6 25. Rf1 Qe6 26. b3 Qc8 27. Bb2 Ra6 28. Qb4 d5 29. Qc3 dxe4 30. Rf6 Bg7 31. Rd6 Bf8 32. Rf6 Bd5 33. Qxc8 Rxc8 34. Bxe5 Rxa3 35. Rxa3 Bxa3 36. g4 Bxb3 37. g5 Be7 38. Rb6 Bd5 39. Bf4 Rc6 40. Rb1 f5 41. Bf1 Rc2 42. Rd1 Bc6 43. Ra1 Kf7 44. Ra8 Ke6 45. Rh8 b5 46. h4 b4 47. Rb8 Bd5 48. Bb5 Bc4 49. Ba4 Ra2 50. Be8 b3 51. Rb6+ Kd5 52. Rxb3 Bxb3 53. Bf7+ Kc5 54. Bxb3 Ra1+ 55. Kg2 Bd6 0-1

[Event "USA tt"]
[Site "ICC INT"]
[Date "2013.10.16"]
[Round "8"]
[White "Enkhbat, Tegshsuren"]
[Black "Winer, Steven"]
[Result "1/2-1/2"]
[WhiteElo "2417"]
[BlackElo "2403"]
[PlyCount "179"]
[EventDate "2013.08.27"]
[EventType "team-tourn"]
[EventRounds "10"]
[EventCountry "USA"]
[SourceTitle "EXT 2014"]
[Source "ChessBase"]
[SourceDate "2013.11.20"]
[SourceVersion "1"]
[SourceVersionDate "2013.11.20"]
[SourceQuality "1"]
[WhiteTeam "Baltimore"]
[BlackTeam "New England"]
[WhiteTeamCountry "USA"]
[BlackTeamCountry "USA"]

1. d4 d5 2. c4 c6 3. Nf3 Nf6 4. Qb3 e6 5. g3 Be7 6. Bg2 0-0 7. 0-0 b6 8. Nc3 Ba6 9. cxd5 cxd5 10. Ne5 Bb7 11. Bf4 Nc6 12. Nxc6 Bxc6 13. Rfc1 Qd7 14. a4 Rfc8 15. a5 bxa5 16. Rxa5 Bd8 17. Ra6 Bb6 18. Qd1 Bb7 19. Raa1 Bc6 20. e3 Ne8 21. h4 Bc7 22. Bxc7 Rxc7 23. Ne2 Rac8 24. Nf4 Bb5 25. Rxc7 Qxc7 26. Bh3 Rb8 27. b3 Qb6 28. Qc1 Nf6 29. Qa3 Be8 30. Qxa7 Qxa7 31. Rxa7 Rxb3 32. g4 Rb6 33. f3 h6 34. Ra8 Kf8 35. g5 hxg5 36. hxg5 Nh7 37. g6 Ng5 38. gxf7 Nxh3+ 39. Nxh3 Kxf7 40. Kf2 Bc6 41. Ra7+ Kf6 42. Nf4 Be8 43. Nd3 Bh5 44. Ra3 g5 45. Ne5 Rb2+ 46. Kg3 Re2 47. Rb3 Kg7 48. Rb7+ Kg8 49. Nd7 Bg6 50. Nf6+ Kf8 51. Rb3 Kg7 52. Ng4 Bf5 53. Ne5 Kg8 54. f4 gxf4+ 55. Kxf4 Rg2 56. Rb8+ Kg7 57. Rb7+ Kh6 58. Nf7+ Kg6 59. Nd6 Bh3 60. Ne8 Rg4+ 61. Kf3 Rg5 62. Rg7+ Kh6 63. Rf7 Rg1 64. Re7 Rg6 65. Nd6 Kg5 66. Rh7 Bg4+ 67. Kg3 Bf5 68. Rf7 Rf6 69. Rxf6 Kxf6 70. Kf4 Bg6 71. Nb7 Bf5 72. Nc5 Bc2 73. Nd7+ Ke7 74. Ne5 Bf5 75. Kg5 Be4 76. Ng4 Bf5 77. Nh6 Be4 78. Kf4 Kd6 79. Nf7+ Ke7 80. Ng5 Bf5 81. Ke5 Bg4 82. Nh7 Bf5 83. Nf6 Bh3 84. Nh5 Bf5 85. Nf4 Bg4 86. Ng6+ Kf7 87. Nf4 Ke7 88. Ng6+ Kf7 89. Nf4 Ke7 90. Ng6+ 1/2-1/2

[Event "USA tt"]
[Site "ICC INT"]
[Date "2013.10.01"]
[Round "6"]
[White "Gorman, Dov"]
[Black "Enkhbat, Tegshsuren"]
[Result "1/2-1/2"]
[WhiteElo "2249"]
[BlackElo "2417"]
[PlyCount "76"]
[EventDate "2013.08.27"]
[EventType "team-tourn"]
[EventRounds "10"]
[EventCountry "USA"]
[SourceTitle "CBM 156 Extra"]
[Source "ChessBase"]
[SourceDate "2013.10.22"]
[SourceVersion "1"]
[SourceVersionDate "2013.10.22"]
[SourceQuality "1"]
[WhiteTeam "Philadelphia"]
[BlackTeam "Baltimore"]
[WhiteTeamCountry "USA"]
[BlackTeamCountry "USA"]

1. e4 c6 2. d4 d5 3. exd5 cxd5 4. c4 Nf6 5. Nc3 Nc6 6. Bg5 Be6 7. a3 g6 8. Be2 Bg7 9. Bf3 Na5 10. Bxf6 Bxf6 11. Nxd5 Bxd5 12. cxd5 0-0 13. Ne2 Nc4 14. 0-0 Qd7 15. h3 Bg5 16. Nc3 Bh6 17. Qe2 Nd6 18. Rad1 Bg7 19. Bg4 Qd8 20. h4 h5 21. Bh3 Bf6 22. g4 hxg4 23. Qxg4 Kg7 24. h5 Rh8 25. hxg6 Rh4 26. Qg2 fxg6 27. Rfe1 Qh8 28. Rd3 Qh6 29. Ne4 Nxe4 30. Rxe4 Qc1+ 31. Kh2 Rah8 32. d6 Rxe4 33. Qxe4 Rh4 34. Qxb7 Qf4+ 35. Kg2 Qxd6 36. Qd7 Qxd7 37. Bxd7 Rxd4 38. Rxd4 Bxd4 1/2-1/2

[Event "USA tt"]
[Site "ICC INT"]
[Date "2013.09.25"]
[Round "5"]
[White "Enkhbat, Tegshsuren"]
[Black "Shmeliov, Denis"]
[Result "1/2-1/2"]
[WhiteElo "2417"]
[BlackElo "2417"]
[PlyCount "134"]
[EventDate "2013.08.27"]
[EventType "team-tourn"]
[EventRounds "10"]
[EventCountry "USA"]
[SourceTitle "CBM 156 Extra"]
[Source "ChessBase"]
[SourceDate "2013.10.22"]
[SourceVersion "1"]
[SourceVersionDate "2013.10.22"]
[SourceQuality "1"]
[WhiteTeam "Baltimore"]
[BlackTeam "Boston"]
[WhiteTeamCountry "USA"]
[BlackTeamCountry "USA"]

1. d4 d5 2. c4 c6 3. Nf3 Nf6 4. e3 Bf5 5. Nc3 e6 6. Nh4 Bg6 7. Qb3 Qc7 8. Bd2 Nbd7 9. Rc1 Nb6 10. cxd5 exd5 11. Be2 Be7 12. h3 0-0 13. Nxg6 hxg6 14. 0-0 Qd6 15. Rfd1 Bd8 16. a4 Bc7 17. g3 Nh5 18. Be1 a5 19. e4 dxe4 20. Nxe4 Qd5 21. Qxd5 Nxd5 22. Nc5 Ra7 23. Bf3 Nhf6 24. Rd3 Bd6 25. Rb3 Rb8 26. Nd3 Re8 27. Bd2 Kf8 28. Nc5 Re7 29. h4 Bxc5 30. dxc5 Ne4 31. Be1 Nxc5 32. Bxd5 cxd5 33. Rxc5 Rxe1+ 34. Kg2 Re4 35. Rxd5 Rxa4 36. Re3 Ra8 37. Rd7 Kg8 38. Ree7 Rf8 39. Rxb7 Ra2 40. g4 a4 41. Re3 Ra8 42. Rf3 Rf8 43. g5 Ra1 44. Ra3 Rxa3 45. bxa3 Ra8 46. f3 Kf8 47. Kg3 Ra5 48. Kg4 Rc5 49. Rb4 Ra5 50. f4 Ke7 51. Rb8 Rc5 52. Rb4 Ra5 53. h5 gxh5+ 54. Kxh5 Kf8 55. Kg4 g6 56. Kf3 Ke7 57. Ke3 Ke6 58. Ke4 Ra6 59. Rc4 Ra5 60. Rc6+ Ke7 61. Rb6 Rc5 62. Ra6 Rc4+ 63. Ke5 Ke8 64. Ra7 Kf8 65. Ra5 Kg7 66. f5 gxf5 67. Kxf5 Rd4 1/2-1/2

[Event "Washington op 2nd"]
[Site "Rockville"]
[Date "2013.08.08"]
[Round "5"]
[White "Enkhbat, Tegshsuren"]
[Black "Rohonyan, Katerina"]
[Result "1-0"]
[WhiteElo "2417"]
[BlackElo "2299"]
[PlyCount "67"]
[EventDate "2013.08.06"]
[EventType "swiss"]
[EventRounds "9"]
[EventCountry "USA"]
[SourceTitle "EXT 2014"]
[Source "ChessBase"]
[SourceDate "2013.11.20"]
[SourceVersion "1"]
[SourceVersionDate "2013.11.20"]
[SourceQuality "1"]

1. d4 d5 2. c4 c6 3. Nf3 Nf6 4. Qb3 Qb6 5. Nc3 dxc4 6. Qxc4 Bf5 7. Ne5 e6 8. f3 Qb4 9. e4 Bg6 10. h4 Qe7 11. g4 h6 12. Nxg6 fxg6 13. Qb3 b5 14. a4 b4 15. Ne2 e5 16. dxe5 Qxe5 17. Bf4 Qe7 18. Nd4 Nbd7 19. Nxc6 Nc5 20. Nxe7 Nxb3 21. Nxg6 Nxa1 22. Nxh8 Nc2+ 23. Kf2 Bc5+ 24. Kg3 Rd8 25. b3 Be3 26. Bb5+ Kf8 27. Bxe3 Nxe3 28. Rc1 Nexg4 29. fxg4 Nxe4+ 30. Kf4 Nc3 31. Ng6+ Kg8 32. Bc4+ Kh7 33. Ne5 a5 34. Re1 1-0

[Event "Washington op 2nd"]
[Site "Rockville"]
[Date "2013.08.08"]
[Round "6"]
[White "Sarkar, Justin"]
[Black "Enkhbat, Tegshsuren"]
[Result "1-0"]
[WhiteElo "2437"]
[BlackElo "2417"]
[PlyCount "85"]
[EventDate "2013.08.06"]
[EventType "swiss"]
[EventRounds "9"]
[EventCountry "USA"]
[SourceTitle "EXT 2014"]
[Source "ChessBase"]
[SourceDate "2013.11.20"]
[SourceVersion "1"]
[SourceVersionDate "2013.11.20"]
[SourceQuality "1"]

1. d4 d5 2. c4 c6 3. Nf3 Nf6 4. Nc3 a6 5. c5 Nbd7 6. Bf4 Nh5 7. Bd2 Nhf6 8. Bf4 Nh5 9. Bg5 h6 10. Bd2 Nhf6 11. Bf4 Nh5 12. Be5 Nxe5 13. Nxe5 Nf6 14. e3 Nd7 15. f4 Nxe5 16. fxe5 Bf5 17. Bd3 Bxd3 18. Qxd3 e6 19. 0-0 Be7 20. e4 0-0 21. exd5 exd5 22. Na4 Qe8 23. Nb6 Rd8 24. g3 h5 25. h4 Rb8 26. Qe2 Bd8 27. Qxh5 Bxb6 28. cxb6 Qd8 29. Rf4 Qxb6 30. Raf1 c5 31. Rxf7 Qe6 32. Rxf8+ Rxf8 33. Rxf8+ Kxf8 34. dxc5 b6 35. b4 bxc5 36. bxc5 Qc6 37. Qf5+ Ke7 38. e6 Qxc5+ 39. Kg2 Qc4 40. Qf7+ Kd6 41. Qd7+ Ke5 42. e7 Qe4+ 43. Kh2 1-0

[Event "World op 41st"]
[Site "Arlington"]
[Date "2013.07.05"]
[Round "5"]
[White "Enkhbat, Tegshsuren"]
[Black "Williams, Justus D"]
[Result "0-1"]
[WhiteElo "2428"]
[BlackElo "2199"]
[PlyCount "106"]
[EventDate "2013.07.01"]
[EventType "swiss"]
[EventRounds "9"]
[EventCountry "USA"]
[SourceTitle "CBM 155 Extra"]
[Source "ChessBase"]
[SourceDate "2013.08.26"]
[SourceVersion "1"]
[SourceVersionDate "2013.08.26"]
[SourceQuality "1"]

1. d4 Nf6 2. c4 e6 3. g3 Bb4+ 4. Bd2 Qe7 5. Nf3 Nc6 6. Nc3 d6 7. Bg2 0-0 8. 0-0 Bxc3 9. Bxc3 Ne4 10. Rc1 Nxc3 11. Rxc3 e5 12. d5 Nb8 13. Nd2 f5 14. Qc2 Nd7 15. b4 Nf6 16. Rd1 Qf7 17. Qb3 Qh5 18. f3 Qg6 19. f4 exf4 20. gxf4 Nh5 21. Rf3 Bd7 22. Kh1 Rae8 23. e3 Re7 24. Rg1 Rfe8 25. Rh3 Nf6 26. Re1 Ng4 27. Kg1 Qf6 28. Nf1 Kh8 29. a4 c6 30. b5 cxd5 31. Bxd5 Be6 32. Rd1 Qg6 33. Rg3 Qh5 34. Bxe6 Rxe6 35. Rd3 Qh4 36. Qb2 Qe7 37. Qc2 Qc7 38. h3 Nf6 39. Rg2 Qc5 40. Qc3 Qc7 41. Rd4 Qf7 42. Qb2 Ne4 43. Rd5 Rg6 44. Rxg6 Qxg6+ 45. Qg2 Qh5 46. Kh2 Re6 47. Ng3 Nxg3 48. Qxg3 Qe2+ 49. Qg2 Qxe3 50. Rxf5 g6 51. Qb2+ Kg8 52. Rf6 Re7 53. Qg2 Qe1 0-1

[Event "Arlington DC op 1st"]
[Site "Arlington"]
[Date "2013.06.30"]
[Round "8"]
[White "Enkhbat, Tegshsuren"]
[Black "Shetty, Atulya"]
[Result "1/2-1/2"]
[WhiteElo "2428"]
[BlackElo "2314"]
[PlyCount "133"]
[EventDate "2013.06.27"]
[EventType "swiss"]
[EventRounds "9"]
[EventCountry "USA"]
[SourceTitle "CBM 155 Extra"]
[Source "ChessBase"]
[SourceDate "2013.08.26"]
[SourceVersion "1"]
[SourceVersionDate "2013.08.26"]
[SourceQuality "1"]

1. d4 d5 2. c4 c6 3. Nf3 Nf6 4. Qc2 a6 5. e3 g6 6. Bd3 Bg7 7. Nbd2 0-0 8. b3 c5 9. Bb2 cxd4 10. exd4 Nc6 11. a3 Be6 12. 0-0 Nh5 13. c5 Nf4 14. Rfe1 Nxd3 15. Qxd3 Bf5 16. Qe3 Re8 17. Ne5 f6 18. Nxc6 bxc6 19. Qg3 Qb8 20. Bc3 e5 21. b4 Ra7 22. Nb3 Rae7 23. f3 Bc2 24. Na5 Ba4 25. Qf2 Qb5 26. Qf1 Qxf1+ 27. Kxf1 Rd7 28. Kf2 Re6 29. Ra2 Kf7 30. g3 e4 31. f4 f5 32. h4 h6 33. Ke3 Bf6 34. Rh1 Re8 35. Rah2 Rg8 36. Rh3 Ke6 37. Be1 Rdg7 38. Bf2 Rc7 39. R3h2 Rh7 40. Rh3 Rhg7 41. R3h2 Bd8 42. Be1 Bf6 43. Bf2 Bb5 44. Rh3 g5 45. hxg5 hxg5 46. Rh7 gxf4+ 47. gxf4 Rg2 48. R7h2 R8g3+ 49. Bxg3 Rxg3+ 50. Kf2 Rf3+ 51. Kg2 Rxf4 52. Rh6 e3 53. a4 Bxa4 54. Re1 Rf2+ 55. Kg1 f4 56. Nb7 Ke7 57. Nd6 Bc2 58. Ra1 Bd3 59. b5 cxb5 60. Nc8+ Kd8 61. Rxf6 Kxc8 62. Raxa6 Rf1+ 63. Kh2 e2 64. Rac6+ Kd7 65. Rcd6+ Ke7 66. Rde6+ Kd8 67. Rd6+ 1/2-1/2

[Event "USA tt"]
[Site "ICC INT"]
[Date "2012.10.31"]
[Round "9"]
[White "Enkhbat, Tegshsuren"]
[Black "Vovsha, Eli"]
[Result "0-1"]
[WhiteElo "2424"]
[BlackElo "2483"]
[PlyCount "136"]
[EventDate "2012.09.04"]
[EventType "team-tourn"]
[EventRounds "10"]
[EventCountry "USA"]
[SourceTitle "EXT 2013"]
[Source "ChessBase"]
[SourceDate "2012.11.22"]
[SourceVersion "1"]
[SourceVersionDate "2012.11.22"]
[SourceQuality "1"]
[WhiteTeam "Baltimore"]
[BlackTeam "Manhattan"]
[WhiteTeamCountry "USA"]
[BlackTeamCountry "USA"]

1. d4 Nf6 2. c4 g6 3. Nf3 Bg7 4. g3 d5 5. cxd5 Nxd5 6. Bg2 Nb6 7. Nc3 Nc6 8. e3 0-0 9. 0-0 Re8 10. Re1 a5 11. Qe2 Bg4 12. h3 Be6 13. b3 a4 14. Rb1 axb3 15. axb3 Qc8 16. Kh2 Rd8 17. Rd1 Ra5 18. Ne4 Nd5 19. Bb2 Bf5 20. Nh4 Bxe4 21. Bxe4 Ra2 22. Qe1 Qe6 23. Bg2 f5 24. Nf3 Bf6 25. Kg1 Rd7 26. Rd2 Na5 27. Qd1 Qb6 28. Ba1 Rxd2 29. Qxd2 e6 30. Ne5 Bxe5 31. dxe5 Qb4 32. Qc2 c5 33. e4 Ne7 34. Bc3 Qb5 35. b4 Nac6 36. bxc5 Qxc5 37. Qb3 Kf7 38. Be1 Qxe5 39. f4 Qd4+ 40. Bf2 Qd2 41. exf5 Nxf5 42. Re1 Ncd4 43. Qc4 b5 44. Qc8 Re7 45. Ra1 Ne2+ 46. Kh2 Qc3 47. Qa8 Ned4 48. Ra7 Qd2 49. Ra2 Qd3 50. Qh8 Nf3+ 51. Bxf3 Qxf3 52. Qxh7+ Kf6 53. Qh8+ Kf7 54. Qe5 Qd5 55. Qb2 Rd7 56. Ra5 Qd1 57. Rxb5 Rd2 58. Rb7+ Ne7 59. Qb6 Qe2 60. Kg2 Qe4+ 61. Kh2 Rxf2+ 62. Qxf2 Qxb7 63. h4 Qe4 64. Qb2 Nf5 65. Qa2 Ne3 66. Qa7+ Kf6 67. Qa1+ Kf5 68. Qa5+ Qd5 0-1

[Event "USA tt"]
[Site "ICC INT"]
[Date "2012.10.01"]
[Round "5"]
[White "Enkhbat, Tegshsuren"]
[Black "Ivanov, Alexander"]
[Result "1/2-1/2"]
[WhiteElo "2424"]
[BlackElo "2530"]
[PlyCount "108"]
[EventDate "2012.09.04"]
[EventType "team-tourn"]
[EventRounds "10"]
[EventCountry "USA"]
[SourceTitle "CBM 150 Extra"]
[Source "ChessBase"]
[SourceDate "2012.10.19"]
[SourceVersion "1"]
[SourceVersionDate "2012.10.19"]
[SourceQuality "1"]
[WhiteTeam "Baltimore"]
[BlackTeam "New England"]
[WhiteTeamCountry "USA"]
[BlackTeamCountry "USA"]

1. d4 Nf6 2. c4 e6 3. g3 Bb4+ 4. Bd2 Be7 5. Bg2 d5 6. Nf3 0-0 7. 0-0 c6 8. Qc2 Nbd7 9. Bf4 a5 10. Rd1 b5 11. Ne5 Bb7 12. c5 Nxe5 13. Bxe5 Nd7 14. Bf4 g5 15. Bc1 f5 16. Nd2 Bf6 17. Nf3 Qe7 18. Be3 Kh8 19. Ne1 Qg7 20. f4 gxf4 21. gxf4 Rg8 22. Kh1 Bh4 23. Bf3 Qh6 24. Bg1 Bxe1 25. Rxe1 Qxf4 26. Qd3 Qh6 27. a3 a4 28. Be3 f4 29. Bd2 Rg3 30. Rg1 Rh3 31. Rg2 Nf6 32. Qc2 Rf8 33. Rag1 Nh5 34. Bxh5 Rxh5 35. Qc3 Bc8 36. Qf3 e5 37. dxe5 Be6 38. Bc3 Rh3 39. Qf2 Qh4 40. Qxh4 Rxh4 41. Rd1 Rh3 42. Rf2 Re3 43. Rd4 Re4 44. Kg1 Kg7 45. Rg2+ Kf7 46. Kf2 Rxd4 47. Bxd4 Bf5 48. Rg5 Be4 49. Rg4 Ke7 50. Rg7+ Rf7 51. Rxf7+ Kxf7 52. e3 f3 53. Kg3 Ke6 54. Bc3 Kf5 1/2-1/2